LIBRARY & INFORMATION CENTRE, KCAET, TAVANUR

ONLINE PUBLIC ACCESS CATALOGUE (OPAC)

Mukhom Nokkathe / (Record no. 12566)

MARC details
000 -LEADER
fixed length control field 00297cam a2200121ua 4500
082 ## - DEWEY DECIMAL CLASSIFICATION NUMBER
Classification number 894.81209
Item number GOP/MU
100 ## - MAIN ENTRY--AUTHOR NAME
Personal name Gopalakrishnan, Chelangattu .
245 ## - TITLE STATEMENT
Title Mukhom Nokkathe /
250 ## - EDITION STATEMENT
Edition statement 1 /
260 ## - PUBLICATION, DISTRIBUTION, ETC. (IMPRINT)
Place of publication Ernamkulam :
Name of publisher Jaya Matha Books ,
Year of publication 1967.
300 ## - PHYSICAL DESCRIPTION
Number of Pages 96 ; .
942 ## - ADDED ENTRY ELEMENTS (KOHA)
Koha item type Books
Holdings
Withdrawn status Lost status Damaged status Home library Current library Date acquired Full call number Accession Number Koha item type
Withdrawn     KAUAET Malayalam University 07/04/2012 894.81209 10279 Books
free website counter